Most Dangerous U.S. Cities For Women - Statistics

General Stats
  • This quiz has been taken 41 times
  • The average score is 1 of 6
Answer Stats
Rape Crime City % Correct
46 1,006 Memphis
84%
86 813 Anchorage
28%
54 827 Flint
28%
193 783 Fairbanks
4%
67 797 Redding
0%
70 856 Springfield
0%
No matching quizzes found
Score Distribution
Percent of People with Each Score
Percentile by Number Answered
Your Score History
You have not taken this quiz